Identita SK

Gespeichert in:
Bibliographische Detailangaben
1. Verfasser: Dudová, Ráchel (Verfasst von)
Weitere Verfasser: Lipková, Michala (Betreuung Doktorarbeit)
Format: Manuskript Buch
Sprache:Slowakisch
Veröffentlicht: Bratislava 2020
Schlagworte:
Online-Zugang:http://is.stuba.sk/zp/portal_zp.pl?podrobnosti=139897
Tags: Tag hinzufügen
Keine Tags, Fügen Sie das erste Tag hinzu!

MARC

LEADER 00000ntm a22000003a 4500
001 stuzp80118
003 SK-STU
005 20200810115829.1
007 ta
008 150427s2015----xo-----f-mn---000-0-slo-d
040 |a STU  |b slo 
041 0 |a slo 
100 1 |a Dudová, Ráchel  |u 059190  |4 aut  |U FAD Fakulta architektúry  |T FA Ústav dizajnu  |X 88388  |U A9190  |Y 400  |7 88388 
242 0 1 |a Identity SK  |y eng 
245 1 0 |a Identita SK 
260 |c 2020  |a Bratislava 
650 4 |a deti  |2 slo 
650 4 |a edukácia  |2 slo 
650 4 |a hračka  |2 slo 
650 4 |a drevo  |2 slo 
650 4 |a lokálna inšpirácia  |2 slo 
650 4 |a tradícia  |2 slo 
650 4 |a tradition  |2 eng 
650 4 |a children  |2 eng 
650 4 |a education  |2 eng 
650 4 |a toy  |2 eng 
650 4 |a local inspiration  |2 eng 
650 4 |a wood  |2 eng 
700 1 |a Lipková, Michala  |u 059190  |k Z1  |4 ths  |U FAD Fakulta architektúry  |T FA Ústav dizajnu  |X 15371  |U A9190  |Y 400  |7 A000015371 
856 4 |u http://is.stuba.sk/zp/portal_zp.pl?podrobnosti=139897  |u https://opac.crzp.sk/?fn=detailBiblioForm&sid=2C8AB4190B6536A9D6861A7B1CEB